000 00565ntaaa2200193 4500
003 01
005 20251027203048.0
008 0714s1973 ag 01
040 _aAR-BaBN
_bspa
_cAR-BaBN
_eaacr
_dRIC
082 _a248.2000 Fr92n
100 _aFromke, DeVern
_931861
245 _aNo other foundation
250 _a4 ed.
260 _aCloverdale,IN :
_bSure Foundation,
_c1985
300 _a190 p ;
_cil. ; 21 cm
500 _aUna colección de escritos del ministerio de DeVern Fromke. Un enfasis centrado en Dios
650 _aVida espiritual
_9658
942 _cBK
999 _c26010
_d26010